Responses for Show #3693 - Wednesday, September 27, 2000

Contestants

[<< previous game]

Walter Hartwig, an anthropologist from Napa, California

Bill Shields, a Lutheran pastor from Pontiac, Illinois

Diane Harvey, a licensed veterinary technician from Falls Church, Virginia

[next game >>]

Jeopardy! Round responses

RELIGION
LEGENDS OF BASEBALL
(Alex: As they appear on the stamp series.)
WASHINGTONNAGE
MEDICAL TESTS
IN A ROW
VWLLSS
(Alex: Vowelless. We will give you a word without the vowels in it. You have to figure out what the word is.)
    $100 13
beg

Bill
    $100 2
Babe Ruth

Diane
    $100 8
(Diane: What is Zinfandel?)

Chardonnay

Diane
Triple Stumper
    $100 1
blood

Walter
    $100 19
The Supremes

Diane
    $100 24
pizza

Walter
    $200 14
their hair

Walter
    $200 4
(Alex: Aren't you glad Walter keeps picking BASEBALL?)

Jackie Robinson

Diane
    $200 9
the Huskies

Walter
    $200 3
allergies

Walter
    $200 20
X's or O's

Bill
    $200 25
(Alex: Minute to go.)

April

Bill
    $300 16
cursing

Bill
    $300 10
Ty Cobb

Bill
    $300 15
747

Bill
    $300 5
gastrointestinal

Diane
    $300 21
(Diane: What is quite contrary?)

pretty maids

DianeBill
    $300 26
White House

Walter
    $400 17
fasting

Bill
    $400 11
Roberto Clemente

Walter
    $400 29
salmon

Walter
    $400 6
a biopsy

Diane
    $400 22
(Diane: What is an eagle?)

a turkey

DianeBill
    $400 27
Iowa & Ohio

Bill
    $900 18
Jamaica

Bill
    $500 12
Leroy "Satchel" Paige

Walter
    $500 30
the Grand Coulee Dam

Diane
    $500 7
(Walter: What are X-rays?)

a spinal tap

Walter
Triple Stumper
    $500 23
a colonnade

Diane
    $500 28
Uranus

Bill

Scores at the first commercial break (after clue 15):

Diane Bill Walter
$900 $700 $1,100

Scores at the end of the Jeopardy! Round:

Diane Bill Walter
$1,300 $4,300 $1,900

Double Jeopardy! Round responses

CANADIAN GEOGRAPHY
GERMAN CINEMA
THE HISTORY OF LIBYA
(Alex: I see a theme building.)
MY BRITISH HOME
LET'S EAT CHINESE
OF MANY "LAND"s
    $200 21
Newfoundland

Diane
    $200 16
Marlene Dietrich

Walter
    $200 6
oil

Walter
    $200 11
the trash can

Diane
    $200 18
(Bill: What is wine?)
...
(Alex: Although I do like Bill's suggestion better!)

vinegar

DianeBill
    $200 1
a landmark

Diane
    $400 27
(Diane: What is Alberta?)

British Columbia

DianeWalter
    $400 17
Goldfinger

Diane
    $400 7
Ronald Reagan

Bill
    $400 12
senior citizens

Diane
    $400 19
a water chestnut

Bill
    $400 2
landscaping

Diane
    $600 28
Quebec

Bill
    $400 24
Peter Lorre

Walter
    $600 8
Tripoli

Bill
    $600 13
(Walter: What are darts?)

checkers

Walter
Triple Stumper
    $400 20
(Bill: What is teriyaki?)

general

Bill
    $600 3
Dixieland

Bill
    $800 29
(Bill: What is Ontario?)

Lake Erie

Bill
Triple Stumper
    $800 25
(Bill: Who is Claude Kinski?)
...
(Alex: Less than a minute to go.)

Klaus Kinski

BillWalter
    $800 9
Muammar Gaddafi

Walter
    $800 14
an electrical outlet

Triple Stumper
    $800 22
egg foo yung

Walter
    $800 4
landlocked

Bill
    $1000 30
(Diane: What is the Yukon Territory?)

the Northwest Territories

DianeBill
    $1000 26
Leni Riefenstahl

Triple Stumper
    $1000 10
Barbary pirates

Diane
    $1000 15
a bandage

Walter
    $1000 23
the tiger lily

Triple Stumper
    $1000 5
a land bridge

Walter

Scores at the end of the Double Jeopardy! Round:

Diane Bill Walter
$2,900 $6,500 $6,900

[wagering suggestions for these scores]

Final Jeopardy! Round responses

THE SUPREME COURT
DianeWho is Scalia and O'Connor
$2,800
BillWho are Ruth Bader Ginsburg & Clarence Thomas
$5,700
WalterWho are Scalia and Renquist?
$6,200
(2 of) Ruth Bader Ginsburg, Antonin Scalia & Clarence Thomas

Final scores:

Diane Bill Walter
$100 $12,200 $700
3rd place: High Sierra AT Gear collection New champion: $12,200 2nd place: a trip to Hilton Head Island, South Carolina courtesy of Yahoo! Travel

Game dynamics:

Coryat scores:

Diane Bill Walter
$2,900 $6,500 $7,100
15 R,
5 W
19 R
(including 1 DD),
4 W
(including 1 DD)
18 R
(including 1 DD),
2 W

Combined Coryat: $16,500

[game clues] [game scores] [suggest correction]

Game tape date: 2000-08-23
The J! Archive is created by fans, for fans. Scraping, republication, monetization, and malicious use prohibited; this site may use cookies and collect identifying information. See terms. The Jeopardy! game show and all elements thereof, including but not limited to copyright and trademark thereto, are the property of Jeopardy Productions, Inc. and are protected under law. This website is not affiliated with, sponsored by, or operated by Jeopardy Productions, Inc. Join the discussion at JBoard.tv.